banner koha

Melão (Registro n. 298558)

MARC details
000 -LÍDER
fixed length control field 00916nab a22002537a 4500
003 - CÓDIGO MARC DA AGÊNCIA CATALOGADORA
Campo de controle BR-BrBNA
005 - DATA E HORA DA ÚLTIMA ATUALIZAÇÃO
Campo de controle 20240221151615.0
008 - CAMPO DE TAMANHO FIXO
fixed length control field 240221b bl.||||| |||| 00| 0 por d
040 ## - FONTE DA CATALOGAÇÃO
Agência catalogadora BR-BrBNA
Idioma da catalogação por
072 ## - CATEGORIA AGRIS
Código AGRIS F01 ; F62 ; H01
Código do objeto 0810
100 ## - ENTRADA PRINCIPAL - NOME PESSOAL
Nome pessoal Godoy, Sônia Maria de
100 ## - ENTRADA PRINCIPAL - NOME PESSOAL
Nome pessoal Tessarioli Neto, João (cons.)
245 ## - TÍTULO PRINCIPAL
Título principal Melão
500 ## - NOTA GERAL
Nota geral 2 ref.; 2 illus.; 1 table
942 ## - ADDED ENTRY ELEMENTS (KOHA)
Koha item type
650 ## - ASSUNTO - THESAGRO
Cabeçalho tópico ou nome geográfico MELÃO
650 ## - ASSUNTO - THESAGRO
Cabeçalho tópico ou nome geográfico FRUTA CUCURBITACEA
650 ## - ASSUNTO - THESAGRO
Cabeçalho tópico ou nome geográfico HORTALIÇA
650 ## - ASSUNTO - THESAGRO
Cabeçalho tópico ou nome geográfico ACONDICIONAMENTO
650 ## - ASSUNTO - THESAGRO
Cabeçalho tópico ou nome geográfico COLHEITA
650 ## - ASSUNTO - THESAGRO
Cabeçalho tópico ou nome geográfico ARMAZENAMENTO
773 0# - ENTRADA ANALÍTICA
Host Biblionumber 1330
Registro do item 275249
Imprenta Campinas-SP Coordenadoria de Assistência Técnica Integral - CATI - Centro de Comunicação Rural e Treinamento - CECORT 1979. Data final de publicação em 1990
Outro identificador 2023-437055
Título Casa da Agricultura (Brazil)
ISSN 0100-6541
Colação v. 2(3) p. 10-12 (May-Jun 1980)
Número de controle de registro BR2023002408

Nenhum exemplar disponível.

BINAGRI

Telefone: (61)3218-2567/2388/3357/2097 - binagri@agro.gov.br

Ministério da Agricultura e Pecuária , Esplanada dos Ministérios, Bloco D, Anexo B, Brasília/DF, CEP: 70.043-900